000 01036nab a22002417a 4500
999 _c6403
_d6403
003 OSt
005 20260201181800.0
008 190506c xxu||||| |||| 00| 0 spa d
040 _cPJ
100 _97041
_aVaca, Valeria Elizabeth
245 1 0 _aSistema de Riesgos del Trabajo. Enfoque actual y consideraciones prácticas para el ejercicio profesional /
_cValeria Elizabeth Vaca.
260 _aBuenos Aires :
_bAbeledoPerrot,
_c2023.
300 _ap. 17-28
500 _aCita: TR LALEY AR/DOC/2419/2023
505 _aSumario: I. Introducción.— II. Desarrollo y análisis.— III. Conclusión.— IV. Bibliografía.
505 _t¿Te interesa el texto completo? Comunicate al correo: koha@justierradelfuego.gov.ar
650 0 _91316
_aDERECHO LABORAL
650 0 _91253
_aDERECHO A LA SALUD
650 0 _91430
_aRIESGOS DEL TRABAJO
650 0 _91395
_aSEGURIDAD SOCIAL
773 0 _02751
_93202
_dBuenos Aires : AbeledoPerrot, 2013-
_tRevista de derecho laboral y seguridad social. Nº 22 - Noviembre 2023
942 _2udc
_cANA